A hídról a Tiszába ugrott és a jégtáblákon halálra zúzta magát egy nyomorgó fiatalember

Elmentve itt :
Bibliográfiai részletek
Dokumentumtípus: Cikk
Megjelent: 1934-02-13
Sorozat:Délmagyarország 10 No. 34
Kulcsszavak:Haláleset Szeged 1934
Online Access:http://dmarchiv.bibl.u-szeged.hu/48304
LEADER 00475nab a2200145 i 4500
001 delm48304
005 20180927134906.0
008 180927s1934 hu o 0|| hun d
040 |a SZTE Délmagyarország Archívum  |b hun 
041 |a hun 
245 0 2 |a A hídról a Tiszába ugrott és a jégtáblákon halálra zúzta magát egy nyomorgó fiatalember  |h [elektronikus dokumentum] 
260 |c 1934-02-13 
300 |a 5 
490 0 |a Délmagyarország  |v 10 No. 34 
695 |a Haláleset Szeged 1934